| 000 | 01426nam a2200421 a 4500 | ||
|---|---|---|---|
| 003 | AR-BaBNM | ||
| 005 | 20251128205133.0 | ||
| 008 | 082120s2002 ||||||||||||||000 | spa|| | ||
| 020 | _a950-21-1239-3 | ||
| 040 | _cAR-BaBNM | ||
| 245 | 0 | 0 |
_aLa formación del docente en lengua, hoy [EGB] _bintroducción a la lingüística aplicada |
| 250 | _a1ª ed. | ||
| 260 |
_aBuenos Aires _bPlus Ultra _c1996 |
||
| 300 |
_a184 p. _bil., gráfs. |
||
| 490 | 0 |
_aDidáctica del lenguaje y la comunicación _vv. 20 |
|
| 504 | _aBibliografía p. 184 | ||
| 650 | 4 | _aFORMACION DE DOCENTES | |
| 650 | 4 | _aLINGÜISTICA | |
| 650 | 4 | _aTEORIA LINGÜISTICA | |
| 650 | 4 | _aCOMUNICACION | |
| 650 | 4 | _aMEDIOS DE COMUNICACION DE MASAS | |
| 653 | _aENSENANZA DE LA LENGUA | ||
| 653 | _aEDUCACION GENERAL BASICA | ||
| 653 | _aHISTORIETAS | ||
| 700 | 1 |
_aManacorda de Rosetti, Mabel V. _ecoordinador |
|
| 700 | 1 |
_aBarrenechea, Ana María _ecolaborador |
|
| 700 | 1 |
_aAgudo de Córsico, María Celia _ecolaborador |
|
| 700 | 1 |
_aDe Gregorio de Mac, María Isabel _ecolaborador |
|
| 700 | 1 |
_aAbourachit, Esther _ecolaborador |
|
| 700 | 1 |
_aLevy, Hilda _ecolaborador |
|
| 700 | 1 |
_aMaurer, Sara J. _ecolaborador |
|
| 700 | 1 |
_aVallejo, Silvia _ecolaborador |
|
| 700 | 1 |
_aPalacios, Analía _ecolaborador |
|
| 700 | 1 |
_aRiera, Alicia B: _ecolaborador |
|
| 800 | 1 |
_aManacorda de Rosetti, Mabel V. _edirector |
|
| 942 | _cBK | ||
| 998 | _cCarmen | ||
| 999 |
_c10142 _d10142 |
||